Statistics for Community Characters

Click here to take the quiz!

General Stats

  • This quiz has been taken 512 times
  • The average score is 15 of 20

Answer Stats

HintAnswer% Correct
1Attractive man who faked his law degreeJeff Winger
100%
4Former high school football starTroy Barnes
100%
3Pop culture aficianadoAbed Nadir
99%
7Overachieving former Adderall addictAnnie Edison
99%
8Fake Spanish teacher, dictator, math teacherBen Chang
99%
2Socially conscious high school dropoutBritta Perry
98%
5Insensitive and elderly long-time studentPierce Hawthorne
98%
6Mother and enterpreneurShirley Bennet
97%
9Pun-loving, costume-donning head of GreendaleCraig Pelton
93%
15Drug dealer with distinct facial hairAlex Osbourne
89%
18Kleptomaniac monkeyAnnie's Boobs
84%
13Immature elderly studentLeonard Rodriguez
84%
10Alcoholic psychology professorIan Duncan
79%
12Statistics professor who dates #1Michelle Slater
61%
17Husband of #6Andre Bennett
53%
20Curmudgeonly criminology professorBuzz Hickey
42%
19Acting professorSean Garrity
34%
14Polish friend of #3Pavel Iwaszkiewicz
25%
16Lawyer who betrayed #1Alan Connor
20%
11Optimistic accounting professorEustice Whitman
13%

Score Distribution

Percentile by Number Answered

Percent of People with Each Score

Your Score History

You have not taken this quiz